[Event "Chigorin Memorial"]
[Site "St Petersburg RUS"]
[Date "2012.10.30"]
[Round "4.28"]
[White "Levin, Evgeny A."]
[Black "Melnikov, Dmitry"]
[Result "1-0"]
[WhiteTitle "GM"]
[BlackTitle "FM"]
[WhiteElo "2516"]
[BlackElo "2292"]
[WhiteFideId "4182596"]
[BlackFideId "4146468"]
[EventDate "2012.10.27"]

1. d4 f5 2. g3 Nf6 3. Bg2 g6 4. Nh3 Bg7 5. Nf4 O-O 6. h4 d6 7. Nc3 c6 8. d5 c5
9. h5 gxh5 10. e4 Qe8 11. Nxh5 Nxh5 12. Rxh5 Na6 13. Qe2 Rb8 14. Bh6 Bxh6 15.
Rxh6 Rf6 16. Rh4 e5 17. dxe6 Bxe6 18. O-O-O Rd8 19. Qd2 Nb4 20. Rdh1 Rd7 21. a3
Nc6 22. exf5 Rxf5 23. Be4 Rff7 24. Qg5+ Rg7 25. Bxh7+ Kf8 26. Rf4+ Rdf7 27. Bg6
Rxf4 28. Rh8+ Rg8 1-0

[Event "Chigorin Memorial"]
[Site "St Petersburg RUS"]
[Date "2012.10.30"]
[Round "4.32"]
[White "Eljanov, Pavel"]
[Black "Krivenko, Sergey"]
[Result "1-0"]
[WhiteTitle "GM"]
[WhiteElo "2681"]
[BlackElo "2341"]
[WhiteFideId "14102951"]
[BlackFideId "24124753"]
[EventDate "2012.10.27"]

1. c4 c5 2. Nf3 Nc6 3. Nc3 e5 4. g3 g6 5. Bg2 Bg7 6. a3 a5 7. d3 d6 8. Nd2 Nge7
9. Nf1 O-O 10. Ne3 Rb8 11. Rb1 Nd4 12. Bd2 Bd7 13. O-O Bc6 14. b4 axb4 15. axb4
b6 16. Bxc6 Ndxc6 17. b5 Nd4 18. Ned5 Nxd5 19. Nxd5 Ne6 20. Ra1 Nc7 21. Nxc7
Qxc7 22. Ra6 h5 23. e4 Qd7 24. Qf3 Rb7 25. Kg2 Rfb8 26. Rfa1 f6 27. h3 Kf7 28.
g4 hxg4 29. hxg4 Rh8 30. Kf1 Ke7 31. Ke2 g5 32. Qf5 Qxf5 33. exf5 Kd7 34. Kf3
Rh3+ 35. Ke4 d5+ 36. cxd5 Bf8 37. Ra8 Bd6 38. Rg8 Be7 39. Rg7 Rh4 40. Kf3 Kd6
41. Ra8 Rd7 42. Rc8 Rh3+ 43. Ke2 1-0

[Event "Chigorin Memorial"]
[Site "St Petersburg RUS"]
[Date "2012.10.30"]
[Round "4.34"]
[White "Lysyj, Igor"]
[Black "Usmanov, Vasily"]
[Result "1-0"]
[WhiteTitle "GM"]
[WhiteElo "2628"]
[BlackElo "2336"]
[WhiteFideId "4150120"]
[BlackFideId "4135741"]
[EventDate "2012.10.27"]

1. Nf3 Nf6 2. g3 g6 3. b3 Bg7 4. Bb2 d5 5. c4 c6 6. Bg2 O-O 7. O-O Bf5 8. d3 a5
9. Nbd2 Re8 10. Qc2 Na6 11. a3 Qb8 12. Be5 Qc8 13. Rfc1 Bh3 14. cxd5 Bxg2 15.
Kxg2 cxd5 16. Qb2 Qd7 17. b4 axb4 18. axb4 Rac8 19. b5 Nc7 20. b6 Ne6 21. Qb4
Kf8 22. Rxc8 Rxc8 23. Nb3 Ne8 24. Bxg7+ Kxg7 25. Ra7 f6 26. h4 Nd6 27. Ra5 Nf7
28. Nfd4 Nfd8 29. Nxe6+ Nxe6 30. e3 Rc2 31. Nc5 Nxc5 32. Rxc5 Rxc5 33. Qxc5 Kf7
34. Qc7 Ke6 35. Qb8 g5 36. Qg8+ Kd6 37. hxg5 fxg5 38. Qxh7 Kc5 39. Qg6 e6 40.
Qxg5 Kxb6 41. Qf6 Ka5 42. g4 b5 43. g5 b4 44. g6 b3 45. g7 Qe8 46. Qg5 Qg8 47.
Qe7 1-0

[Event "Chigorin Memorial"]
[Site "St Petersburg RUS"]
[Date "2012.10.30"]
[Round "4.35"]
[White "Lenderman, Aleksandr"]
[Black "Timofeeva, Ekaterina"]
[Result "1-0"]
[WhiteTitle "GM"]
[BlackTitle "WIM"]
[WhiteElo "2614"]
[BlackElo "2331"]
[WhiteFideId "2021285"]
[BlackFideId "4193172"]
[EventDate "2012.10.27"]

1. d4 Nf6 2. c4 g6 3. f3 d5 4. cxd5 Nxd5 5. e4 Nb6 6. Nc3 Bg7 7. Be3 O-O 8. Qd2
Nc6 9. O-O-O e5 10. d5 Nd4 11. f4 c5 12. fxe5 Bg4 13. Re1 Bxe5 14. h3 Bd7 15.
Nf3 Nxf3 16. gxf3 Qe7 17. Bd3 Rac8 18. Kb1 Na4 19. Nxa4 Bxa4 20. Rc1 b5 21. f4
Bg7 22. e5 c4 23. Be4 Rfd8 24. d6 Qh4 25. Bd5 Qh5 26. Ka1 Qf5 27. Bf3 h5 28.
Rhg1 Qxh3 29. Be4 b4 30. Rh1 c3 31. bxc3 Qe6 32. Bd5 Qd7 33. Bd4 bxc3 34. Bxc3
Bc6 35. Rhg1 Bxd5 36. Qxd5 Qc6 37. Qxc6 Rxc6 38. Bb2 Rb6 39. Rc2 a5 40. a3 Kf8
41. Ka2 Bh6 42. Rc4 Rb5 43. Rd1 Bg7 44. Bc3 g5 45. a4 Rbb8 46. f5 Ra8 47. e6 1-0

[Event "Chigorin Memorial"]
[Site "St Petersburg RUS"]
[Date "2012.10.30"]
[Round "4.36"]
[White "Sichinava, Zviad"]
[Black "Andriasian, Zaven"]
[Result "0-1"]
[BlackTitle "GM"]
[WhiteElo "2339"]
[BlackElo "2604"]
[WhiteFideId "24111716"]
[BlackFideId "13302000"]
[EventDate "2012.10.27"]

1. d4 d5 2. c4 c6 3. Nc3 Nf6 4. cxd5 cxd5 5. Bf4 Nc6 6. e3 a6 7. Bd3 g6 8. Nge2
Bg7 9. O-O O-O 10. a3 Bf5 11. f3 Bxd3 12. Qxd3 Re8 13. Rad1 Rc8 14. b4 e6 15.
Bg5 h6 16. Bh4 e5 17. Kh1 exd4 18. exd4 Ne7 19. Rfe1 Nf5 20. Bf2 h5 21. Na4 Nd6
22. Nec3 Nc4 23. Bh4 Rxe1+ 24. Rxe1 b6 25. f4 Ng4 26. Qg3 Qd7 27. Qf3 Re8 28.
Qxd5 Rxe1+ 29. Bxe1 Qe8 30. Qe4 Qxe4 31. Nxe4 f5 32. Nd2 Nxd2 33. Bxd2 Bxd4 34.
g3 Nf2+ 35. Kg2 Ne4 36. Bc1 b5 37. Bb2 Ba7 38. Nc3 Nxc3 39. Bxc3 Kf7 40. Kf3 Ke6
41. h3 Kd5 42. g4 Bd4 0-1

[Event "Chigorin Memorial"]
[Site "St Petersburg RUS"]
[Date "2012.10.30"]
[Round "4.37"]
[White "Duzhakov, Ilya"]
[Black "Vorobiov, Evgeny E."]
[Result "0-1"]
[WhiteTitle "FM"]
[BlackTitle "GM"]
[WhiteElo "2330"]
[BlackElo "2598"]
[WhiteFideId "4192516"]
[BlackFideId "4121341"]
[EventDate "2012.10.27"]

1. d4 Nf6 2. c4 g6 3. Nc3 Bg7 4. e4 d6 5. f3 O-O 6. Be3 c6 7. Qd2 a6 8. a4 a5 9.
Bd3 e5 10. Nge2 Na6 11. Rd1 Nh5 12. O-O f5 13. dxe5 dxe5 14. c5 Be6 15. exf5
gxf5 16. f4 Nb4 17. fxe5 Qxd3 18. Qxd3 Nxd3 19. Rxd3 Bxe5 20. Bh6 Rf6 21. Bg5
Rg6 22. Re3 Bg7 23. Be7 f4 24. Rd3 Bc4 25. Rd2 Re8 26. Bd6 Bxc3 27. Nxc3 Bxf1
28. Kxf1 Rge6 29. Kf2 Kg7 30. Bc7 Nf6 31. Kf3 Re1 32. Kxf4 Kg6 33. g4 Rf1+ 34.
Kg3 Rg1+ 35. Kf3 Nxg4 36. Ne2 Rf8+ 37. Nf4+ Kf5 38. Re2 Rf1+ 39. Kg3 Rg8 40. Nh5
Nf2+ 41. Kf3 Nd1+ 0-1

[Event "Chigorin Memorial"]
[Site "St Petersburg RUS"]
[Date "2012.10.30"]
[Round "4.38"]
[White "Halkias, Stelios"]
[Black "Biriukov, Oleg V."]
[Result "1-0"]
[WhiteTitle "GM"]
[BlackTitle "IM"]
[WhiteElo "2581"]
[BlackElo "2327"]
[WhiteFideId "4201809"]
[BlackFideId "4123174"]
[EventDate "2012.10.27"]

1. c4 c5 2. Nf3 Nf6 3. Nc3 Nc6 4. g3 d5 5. cxd5 Nxd5 6. Bg2 g6 7. d3 Bg7 8. Bd2
O-O 9. O-O Nc7 10. Rc1 b6 11. h4 Bb7 12. h5 Nd4 13. Nxd4 Bxg2 14. Kxg2 Qxd4 15.
hxg6 hxg6 16. Rh1 Ne6 17. Qg1 f5 18. Rh4 Qd7 19. Qh2 Kf7 20. Bh6 Rh8 21. Bxg7
Kxg7 22. Rh1 Rxh4 23. Qxh4 Rg8 24. e4 Nf8 25. Nd5 Kf7 26. Re1 Rg7 27. Qf4 e6 28.
Ne3 Qxd3 29. Ng4 g5 30. Qc7+ 1-0

[Event "Chigorin Memorial"]
[Site "St Petersburg RUS"]
[Date "2012.10.30"]
[Round "4.39"]
[White "Grigoriants, Sergey"]
[Black "Mikhailov, Viacheslav"]
[Result "1-0"]
[WhiteTitle "GM"]
[BlackTitle "FM"]
[WhiteElo "2578"]
[BlackElo "2326"]
[WhiteFideId "4130804"]
[BlackFideId "4187369"]
[EventDate "2012.10.27"]

1. Nf3 c5 2. c4 g6 3. d4 Bg7 4. d5 Nf6 5. Nc3 O-O 6. e4 d6 7. h3 Nbd7 8. Be2 a6
9. O-O Rb8 10. Re1 Ne8 11. Bf1 Ne5 12. Nxe5 dxe5 13. Rb1 f5 14. b4 cxb4 15. Rxb4
f4 16. Na4 Nf6 17. Bb2 Nh5 18. Be2 f3 19. Bxf3 Nf4 20. Nb6 Qd6 21. Rb3 Qf6 22.
Bc1 Qg5 23. Bg4 h5 24. Bxf4 exf4 25. Bxc8 Rbxc8 26. Nxc8 Rxc8 27. e5 1-0

[Event "Chigorin Memorial"]
[Site "St Petersburg RUS"]
[Date "2012.10.30"]
[Round "4.40"]
[White "Shomoev, Anton"]
[Black "Buchenau, Frank"]
[Result "1-0"]
[WhiteTitle "GM"]
[BlackTitle "FM"]
[WhiteElo "2571"]
[BlackElo "2324"]
[WhiteFideId "4135148"]
[BlackFideId "4604350"]
[EventDate "2012.10.27"]

1. c4 e5 2. Nc3 Nf6 3. Nf3 Nc6 4. g3 Bb4 5. Nd5 Nxd5 6. cxd5 Nd4 7. Nxd4 exd4 8.
Qc2 Qe7 9. Qxc7 Qe4 10. Rg1 Qxd5 11. Bg2 Qe6 12. Qf4 Bc5 13. Qg5 Bd6 14. Bd5 Qg6
15. d3 Bb4+ 16. Kd1 O-O 17. Qxg6 hxg6 18. a3 Be7 19. b4 a5 20. Bb2 axb4 21. axb4
Rxa1+ 22. Bxa1 Bf6 23. Kd2 d6 24. Rb1 Re8 25. e4 dxe3+ 26. fxe3 Re7 27. Bxf6
gxf6 28. Ra1 Be6 29. Ra8+ Kg7 30. Bf3 Rc7 31. Rb8 Bb3 32. Bxb7 Rc2+ 33. Ke1 Rc1+
34. Kf2 Rc2+ 35. Kf3 d5 36. e4 dxe4+ 37. Kxe4 Rxh2 38. b5 Rb2 39. b6 Be6 40. Bc6
Rc2 41. Bb5 Rc5 42. Bc4 Rc6 43. Kd4 g5 44. b7 1-0

[Event "Chigorin Memorial"]
[Site "St Petersburg RUS"]
[Date "2012.10.30"]
[Round "4.41"]
[White "Vuilleumier, Alexandre"]
[Black "Brodsky, Michail"]
[Result "1/2-1/2"]
[WhiteTitle "IM"]
[BlackTitle "GM"]
[WhiteElo "2326"]
[BlackElo "2563"]
[WhiteFideId "1305662"]
[BlackFideId "14100932"]
[EventDate "2012.10.27"]

1. e4 c5 2. Nf3 d6 3. d4 cxd4 4. Nxd4 Nf6 5. Nc3 a6 6. Be3 e6 7. a4 b6 8. g4 Bb7
9. Bg2 d5 10. exd5 Nxd5 11. Nxd5 Bxd5 12. Bxd5 Qxd5 13. Qf3 Qxf3 14. Nxf3 Nd7
15. O-O-O Bc5 16. Rhe1 Rc8 17. Ng5 Nf6 18. Bxc5 Rxc5 19. Ne4 Nxe4 20. Rxe4 Ke7
21. b3 Rhc8 22. Rd2 h5 23. h3 Rc3 24. Re3 Rxe3 25. fxe3 Rc3 26. Re2 hxg4 27.
hxg4 Rc5 28. Rf2 g5 29. Kd2 f5 30. gxf5 Rxf5 31. Rh2 Kd6 32. Ke2 b5 33. axb5
axb5 34. Rh8 Rc5 35. Kd3 Rd5+ 36. Ke4 Re5+ 37. Kd4 Rd5+ 38. Ke4 Re5+ 39. Kd4
Rd5+ 40. Ke4 Re5+ 1/2-1/2

[Event "Chigorin Memorial"]
[Site "St Petersburg RUS"]
[Date "2012.10.30"]
[Round "4.42"]
[White "Lintchevski, Daniil"]
[Black "Bazeev, German"]
[Result "1-0"]
[WhiteTitle "GM"]
[WhiteElo "2562"]
[BlackElo "2319"]
[WhiteFideId "4171055"]
[BlackFideId "24119350"]
[EventDate "2012.10.27"]

1. Nf3 Nf6 2. c4 g6 3. Nc3 d5 4. Qa4+ Bd7 5. Qb3 dxc4 6. Qxc4 Bg7 7. e4 O-O 8.
e5 Ng4 9. d4 Be6 10. d5 Bf5 11. Bf4 Nd7 12. Qe2 f6 13. e6 Nde5 14. Rd1 Qd6 15.
Nd4 Nd3+ 16. Qxd3 Qxf4 17. Qg3 Qe5+ 18. Be2 Bh6 19. Qxe5 fxe5 20. Nxf5 gxf5 21.
Bxg4 fxg4 22. h3 g3 23. fxg3 Be3 24. Rf1 Bd4 25. Ke2 c6 26. dxc6 bxc6 27. Rxf8+
Rxf8 28. Ne4 Rb8 29. b3 c5 30. Rc1 Rb6 31. Nxc5 a5 32. Rc4 Rc6 33. Ne4 Rxe6 34.
g4 h6 35. Ng3 1-0

[Event "Chigorin Memorial"]
[Site "St Petersburg RUS"]
[Date "2012.10.30"]
[Round "4.43"]
[White "Onischuk, Vladimir"]
[Black "Gerasimov, Ivan"]
[Result "1-0"]
[WhiteTitle "GM"]
[BlackTitle "FM"]
[WhiteElo "2558"]
[BlackElo "2308"]
[WhiteFideId "14114038"]
[BlackFideId "4196562"]
[EventDate "2012.10.27"]

1. e4 e5 2. Nf3 Nc6 3. Bc4 Bc5 4. O-O d6 5. c3 Nf6 6. d3 h6 7. Bb3 O-O 8. Nbd2
a6 9. h3 Ba7 10. Re1 Ne7 11. Nf1 Ng6 12. d4 Nh7 13. Be3 Qf6 14. N1h2 Re8 15. Bc2
Nf4 16. Qd2 Ng5 17. Bxf4 Nxf3+ 18. Nxf3 Qxf4 19. Qxf4 exf4 20. a4 a5 21. Nd2 Bb8
22. Nc4 c6 23. b4 Bc7 24. d5 axb4 25. cxb4 Bd7 26. dxc6 bxc6 27. Red1 Red8 28.
Nxd6 Bxh3 29. e5 Be6 30. Be4 Bb3 31. Bxc6 Bxd1 32. Rxd1 Rab8 33. b5 Kf8 34. Rc1
Ke7 35. Nc4 Ke6 36. a5 Rd4 37. a6 Bxe5 38. a7 Rc8 39. a8=Q Rxa8 40. Bxa8 1-0

[Event "Chigorin Memorial"]
[Site "St Petersburg RUS"]
[Date "2012.10.30"]
[Round "4.45"]
[White "Donskov, Anatoly"]
[Black "Yevseev, Denis"]
[Result "0-1"]
[WhiteTitle "FM"]
[BlackTitle "GM"]
[WhiteElo "2305"]
[BlackElo "2545"]
[WhiteFideId "24143413"]
[BlackFideId "4126378"]
[EventDate "2012.10.27"]

1. e4 Nf6 2. e5 Nd5 3. d4 d6 4. Nf3 dxe5 5. Nxe5 c6 6. Nd2 g6 7. h4 Nd7 8. Ndf3
Nxe5 9. Nxe5 Bg7 10. h5 Qd6 11. Nc4 Qc7 12. h6 Bf6 13. g4 O-O 14. Bg2 Nf4 15.
Bf3 Be6 16. Ne3 Rad8 17. c3 c5 18. d5 Nxd5 19. Bxd5 Bxd5 20. Nxd5 Qe5+ 21. Be3
Rxd5 22. Qf3 Bg5 23. O-O Bxe3 24. Qxe3 Qxe3 25. fxe3 f6 26. Kg2 Rfd8 27. Rf2 Kf7
28. Kf3 g5 29. Rh1 Kg6 30. Rhh2 e6 31. c4 Rd3 32. Re2 f5 33. gxf5+ exf5 34. Kf2
Rd2 35. Kf3 Rxe2 36. Kxe2 g4 37. Rf2 Kg5 38. e4 f4 0-1

[Event "Chigorin Memorial"]
[Site "St Petersburg RUS"]
[Date "2012.10.30"]
[Round "4.46"]
[White "Alsina Leal, Daniel"]
[Black "Khakimov, Timur"]
[Result "1-0"]
[WhiteTitle "GM"]
[BlackTitle "IM"]
[WhiteElo "2528"]
[BlackElo "2303"]
[WhiteFideId "2252627"]
[BlackFideId "4169115"]
[EventDate "2012.10.27"]

1. e4 e5 2. Nf3 Nc6 3. Bb5 f5 4. Nc3 fxe4 5. Nxe4 Nf6 6. Nxf6+ Qxf6 7. Qe2 Be7
8. Bxc6 dxc6 9. Nxe5 O-O 10. O-O Bd6 11. Nc4 Bf5 12. d3 Rae8 13. Be3 Qg6 14. Kh1
h5 15. Nxd6 cxd6 16. Rfe1 h4 17. h3 d5 18. Qf1 b6 19. Bd2 c5 20. Rxe8 Rxe8 21.
Re1 Rf8 22. Re7 Qf6 23. Qe1 Be4 24. Rxa7 Bxg2+ 25. Kxg2 Qf3+ 26. Kg1 Rf6 27. Bg5
Rg6 28. Qe5 Qf6 29. Qe8+ Kh7 30. f4 Qd4+ 31. Kg2 Qxb2 32. Qe2 1-0

[Event "Chigorin Memorial"]
[Site "St Petersburg RUS"]
[Date "2012.10.30"]
[Round "4.47"]
[White "Al-Sayed, Mohammed"]
[Black "Faizrakhmanov, Ramil"]
[Result "1/2-1/2"]
[WhiteTitle "GM"]
[WhiteElo "2511"]
[BlackElo "2283"]
[WhiteFideId "12100196"]
[BlackFideId "24103209"]
[EventDate "2012.10.27"]

1. d4 Nf6 2. c4 e6 3. Nc3 Bb4 4. Qc2 O-O 5. a3 Bxc3+ 6. Qxc3 b5 7. cxb5 c6 8.
Qg3 Ne4 9. Qd3 d5 10. Nh3 cxb5 11. f3 Nf6 12. Bg5 Nbd7 13. e3 a6 14. Be2 Qe7 15.
O-O Bb7 16. Nf2 h6 17. Bh4 Qd6 18. Qd2 Rfc8 19. Nd3 Ne8 20. b3 Qb6 21. b4 Nd6
22. Nc5 Bc6 23. Bd3 Nc4 24. Qe2 Nxc5 25. bxc5 Qc7 26. Bg3 Qe7 27. Bxc4 bxc4 28.
Rfb1 Ba4 29. Rb6 Qd7 30. Qb2 Bb3 31. a4 Bxa4 32. Rb7 Qe8 33. Bd6 Bb5 34. Qf2 Qc6
35. Re7 c3 36. Rc1 Bd3 37. Rxc3 Qb5 38. h4 h5 39. Kh2 a5 40. g4 Bg6 41. gxh5
Bxh5 42. Qg2 Qb1 43. Be5 Qg6 44. Rb7 a4 45. Ra3 Ra6 46. Rb4 Rca8 47. Qxg6 Bxg6
48. Rb2 f6 49. Bd6 Be8 50. Kg3 Bc6 51. Bb8 Ra5 52. Rb6 R5a6 53. Rb4 Ra5 54. Rb6
R5a6 55. Bd6 Kh7 56. Rb4 1/2-1/2

[Event "Chigorin Memorial"]
[Site "St Petersburg RUS"]
[Date "2012.10.30"]
[Round "4.48"]
[White "Martynov, Pavel2"]
[Black "Mozharov, Mikhail"]
[Result "0-1"]
[BlackTitle "IM"]
[WhiteElo "2303"]
[BlackElo "2505"]
[WhiteFideId "4122186"]
[BlackFideId "4189825"]
[EventDate "2012.10.27"]

1. Nf3 Nf6 2. g3 c5 3. Bg2 Nc6 4. O-O e5 5. c4 d5 6. cxd5 Nxd5 7. Nc3 Nc7 8. a3
Rb8 9. Rb1 a5 10. d3 Be7 11. Be3 b6 12. Nd2 Nd4 13. Nc4 f6 14. f4 exf4 15. Bxf4
Nde6 16. Bd2 O-O 17. Ne3 Nd4 18. Ned5 Nxd5 19. Bxd5+ Kh8 20. e3 Be6 21. Bg2 Nb3
22. Be1 f5 23. Bf2 Qd7 24. d4 cxd4 25. exd4 Bc4 26. Re1 Bf6 27. d5 Nc5 28. Bf1
Bxf1 29. Rxf1 Bxc3 30. bxc3 Ne4 31. Rxb6 Nxc3 32. Qb3 Rxb6 33. Bxb6 Ne4 34. Bxa5
h6 35. Bb4 Rf6 36. Qc4 Rg6 37. Qd4 Rg4 38. Qe5 Rg5 39. Kg2 Nf6 40. Rd1 Ng4 41.
Qe6 Qa7 42. Rd2 Kh7 43. Qe2 Rg6 44. Rd3 Qa6 45. Rd2 Qa7 46. Rd3 Qa6 47. d6 Ne5
48. Re3 Qc6+ 49. Kg1 Nf7 50. Rc3 Qb6+ 51. Bc5 Qb1+ 52. Qf1 Qe4 53. Re3 Qd5 54.
Bb4 Ng5 55. h4 f4 56. Rd3 Nh3+ 57. Kh2 Qf5 58. g4 Rxg4 59. Qxh3 f3 60. Rxf3 Qc2+
61. Kh1 Qb1+ 62. Qf1 Rxh4+ 63. Kg2 Qg6+ 64. Rg3 Qc2+ 65. Qf2 Rh2+ 66. Kxh2 Qxf2+
67. Rg2 Qf4+ 68. Kg1 Qc1+ 69. Kh2 Qf4+ 70. Kg1 Qd4+ 71. Kf1 Qd1+ 72. Kf2 g5 73.
Ke3 g4 74. Rd2 Qf3+ 75. Kd4 Qf5 76. Kc4 Qd7 77. Bc5 Kg6 78. Re2 Qa4+ 79. Kd5
Qa8+ 80. Kd4 g3 81. d7 Qa4+ 82. Kc3 Qxd7 0-1

[Event "Chigorin Memorial"]
[Site "St Petersburg RUS"]
[Date "2012.10.30"]
[Round "4.49"]
[White "Ageichenko, Genadi A"]
[Black "Rozum, Ivan"]
[Result "0-1"]
[WhiteTitle "IM"]
[BlackTitle "IM"]
[WhiteElo "2301"]
[BlackElo "2498"]
[WhiteFideId "4105222"]
[BlackFideId "24104272"]
[EventDate "2012.10.27"]

1. e4 d6 2. d4 Nf6 3. Nc3 g6 4. f4 Bg7 5. Nf3 c5 6. d5 O-O 7. a4 e6 8. dxe6 Bxe6
9. Be3 Re8 10. Qd2 Bg4 11. e5 Nfd7 12. Bc4 Bxf3 13. gxf3 Nxe5 14. Bd5 Nec6 15.
O-O-O Nd7 16. f5 Nb6 17. fxg6 hxg6 18. Bg5 Qd7 19. Ne4 Nd4 20. Nf6+ Bxf6 21.
Bxf6 Nxd5 0-1

[Event "Chigorin Memorial"]
[Site "St Petersburg RUS"]
[Date "2012.10.30"]
[Round "4.50"]
[White "Mirzoeva, Elmira"]
[Black "Neverov, Valeriy"]
[Result "0-1"]
[WhiteTitle "WGM"]
[BlackTitle "GM"]
[WhiteElo "2283"]
[BlackElo "2494"]
[WhiteFideId "4127951"]
[BlackFideId "14100150"]
[EventDate "2012.10.27"]

1. d4 Nf6 2. c4 e6 3. Nf3 b6 4. g3 Ba6 5. Qc2 c5 6. Bg2 Nc6 7. Qa4 Bb7 8. dxc5
Bxc5 9. Nc3 O-O 10. O-O Qe7 11. Ne5 Bd4 12. Nd3 Bxc3 13. bxc3 Rfc8 14. Ba3 d6
15. Rfd1 Na5 16. Bxb7 Nxb7 17. Nf4 Qc7 18. Qa6 h6 19. Bb4 Qc6 20. a4 Ne8 21. Qb5
Qxc4 22. Qh5 Nf6 23. Qf3 Qc6 24. Qd3 d5 25. Rac1 Qxa4 0-1

[Event "Chigorin Memorial"]
[Site "St Petersburg RUS"]
[Date "2012.10.30"]
[Round "4.51"]
[White "Moiseenko, Vadim"]
[Black "Vorobjev, Dmitry"]
[Result "1-0"]
[WhiteElo "2477"]
[BlackElo "2256"]
[WhiteFideId "4123700"]
[BlackFideId "24112178"]
[EventDate "2012.10.27"]

1. e4 c5 2. f4 d5 3. exd5 Nf6 4. Nf3 Nxd5 5. Bc4 Nc6 6. O-O e6 7. Ne5 Nxe5 8.
fxe5 Be7 9. Nc3 O-O 10. Qe2 Nb6 11. Bd3 c4 12. Be4 Bc5+ 13. Kh1 Bd4 14. b3 Bxe5
15. Bxh7+ Kxh7 16. Qxe5 cxb3 17. Ba3 b2 18. Bxf8 Qxf8 19. Rab1 Kg8 20. Rf4 Bd7
21. Rxb2 Rc8 22. Rb1 Rc5 23. Qe2 Nd5 24. Nxd5 Rxd5 25. Rbf1 f5 26. c4 Ra5 27. d4
Qa3 28. R4f2 Qd6 29. Rd1 Bc6 30. d5 Bd7 31. Qe1 b6 32. dxe6 Qxe6 33. Re2 Qc6 34.
Re7 Rxa2 35. Qg3 g6 36. Qb8+ 1-0

[Event "Chigorin Memorial"]
[Site "St Petersburg RUS"]
[Date "2012.10.30"]
[Round "4.52"]
[White "Golovin, Leonid"]
[Black "Sukhareva, Evgeniya"]
[Result "1-0"]
[WhiteElo "2475"]
[BlackElo "2268"]
[WhiteFideId "4113381"]
[BlackFideId "4167155"]
[EventDate "2012.10.27"]

1. e4 c5 2. Nf3 a6 3. d3 e6 4. g3 b6 5. Bg2 Bb7 6. O-O d6 7. c3 Nf6 8. Nbd2 Nbd7
9. Re1 Qc7 10. b3 Be7 11. Bb2 h5 12. d4 Nh7 13. d5 e5 14. a4 g5 15. Nc4 g4 16.
Nfd2 Ng5 17. Ne3 Nf6 18. Nf5 Bc8 19. Nxe7 Qxe7 20. Nc4 Rb8 21. Bc1 Nfh7 22. b4
Bd7 23. Rb1 O-O 24. Be3 f6 25. Qb3 cxb4 26. Qxb4 Nf3+ 27. Bxf3 gxf3 28. Qxd6 Qg7
29. Bh6 Qxh6 30. Qxd7 Ng5 31. h4 Nf7 32. Ne3 Rfd8 33. Qf5 Nd6 34. Qxf3 Rdc8 35.
Rb3 b5 36. axb5 axb5 37. Nf5 Nxf5 38. Qxf5 Qd2 39. Qg6+ Kh8 40. Qxf6+ Kh7 41.
Qf5+ Kg8 42. Qg6+ 1-0

[Event "Chigorin Memorial"]
[Site "St Petersburg RUS"]
[Date "2012.10.30"]
[Round "4.53"]
[White "Vavulin, Maksim"]
[Black "Yagupov, Igor"]
[Result "1-0"]
[BlackTitle "GM"]
[WhiteElo "2293"]
[BlackElo "2465"]
[WhiteFideId "4169530"]
[BlackFideId "4113632"]
[EventDate "2012.10.27"]

1. e4 c5 2. Nf3 Nc6 3. d4 cxd4 4. Nxd4 e5 5. Nb5 d6 6. c4 Be7 7. N1c3 a6 8. Na3
f5 9. exf5 Bxf5 10. Nc2 Nf6 11. Ne3 Be6 12. g3 O-O 13. Bg2 Rb8 14. O-O Nd4 15.
Ned5 b5 16. Be3 bxc4 17. Bxd4 exd4 18. Qxd4 Kh8 19. Qxc4 Rxb2 20. Qxa6 Nxd5 21.
Nxd5 Bxd5 22. Bxd5 Rd2 23. Qb7 Bf6 24. Rad1 Qa5 25. Rxd2 Qxd2 26. f3 Qe2 27. Rb1
Bd4+ 28. Kh1 h5 29. Be4 Qxa2 30. Qe7 Rc8 31. Qg5 Qf7 32. Rb7 Qe8 33. Re7 1-0

[Event "Chigorin Memorial"]
[Site "St Petersburg RUS"]
[Date "2012.10.30"]
[Round "4.54"]
[White "Raznikov, Danny"]
[Black "Dolgova, Olga"]
[Result "1-0"]
[WhiteTitle "IM"]
[BlackTitle "WIM"]
[WhiteElo "2465"]
[BlackElo "2250"]
[WhiteFideId "2811154"]
[BlackFideId "4158296"]
[EventDate "2012.10.27"]

1. d4 Nf6 2. c4 c5 3. d5 e6 4. Nc3 exd5 5. cxd5 d6 6. Nf3 g6 7. Bf4 a6 8. a4 Qe7
9. h3 Nbd7 10. e3 Bg7 11. Be2 O-O 12. O-O Ne8 13. Qb3 Nc7 14. Nd2 Ne5 15. Bh2
Rb8 16. a5 g5 17. Na4 Bd7 18. Nb6 Bb5 19. Rfe1 Bxe2 20. Rxe2 Nb5 21. Bxe5 Bxe5
22. Ndc4 Bg7 23. Qd3 Rbd8 24. Na3 Nc7 25. Rb1 Rfe8 26. b4 Qe4 27. Qb3 g4 28.
hxg4 Qxg4 29. Rc2 Bf8 30. Rc4 Qf5 31. bxc5 dxc5 32. e4 Qe5 33. g3 Qg7 34. Na4
Nb5 35. Nxb5 axb5 36. Qxb5 Qg6 37. Re1 Re5 38. Nc3 Rh5 39. e5 Qh6 40. Rg4+ Kh8
41. Re3 Rh2 42. Qe2 Rh1+ 43. Kg2 Qh3+ 44. Kf3 Bh6 45. Rd3 Rg1 46. Ke4 f5+ 47.
Kxf5 Qh5+ 48. Ke4 Re1 49. Qxe1 Qxg4+ 50. f4 c4 51. Rf3 Bf8 52. Ke3 Bc5+ 53. Ke2
Qh3 54. Kd1 Bb4 55. d6 Bxa5 56. Kc2 Qg2+ 57. Qe2 Qh1 58. Rf1 Qc6 59. Qf3 Qc5 60.
Rb1 Bxc3 61. Qxc3 Qf2+ 62. Qd2 Qxg3 63. Rxb7 Ra8 64. Rb2 Qg6+ 65. Kc3 Ra3+ 66.
Kb4 Ra8 67. Qd5 Rb8+ 68. Ka3 Qg3+ 69. Ka2 Rxb2+ 70. Kxb2 Qb3+ 71. Kc1 Qe3+ 72.
Kc2 Qb3+ 73. Kc1 Qe3+ 74. Kd1 Qxf4 75. d7 Qg4+ 76. Kc2 Qe2+ 77. Kc3 Qe1+ 78.
Kxc4 Qc1+ 79. Kb5 Qb2+ 80. Kc6 Qc1+ 81. Kd6 Qa3+ 82. Qc5 1-0

[Event "Chigorin Memorial"]
[Site "St Petersburg RUS"]
[Date "2012.10.30"]
[Round "4.55"]
[White "Pakhomov, Egor"]
[Black "Valli, Frans"]
[Result "1-0"]
[WhiteTitle "IM"]
[WhiteElo "2458"]
[BlackElo "2240"]
[WhiteFideId "24129542"]
[BlackFideId "506087"]
[EventDate "2012.10.27"]

1. Nf3 c5 2. c4 Nc6 3. d4 cxd4 4. Nxd4 g6 5. g3 Bg7 6. Nc2 d6 7. Bg2 Be6 8. Ne3
Qd7 9. Nc3 Rc8 10. Bd2 Bh3 11. O-O h5 12. Rc1 h4 13. Bxh3 Qxh3 14. g4 Be5 15. f4
Bd4 16. Nd5 Qxg4+ 17. Kh1 Qe6 18. Rf3 Qd7 19. b3 e6 20. Nc3 Nge7 21. Nb5 Bg7 22.
Bc3 Kf8 23. Nxd6 Rd8 24. c5 Rh5 25. Bxg7+ Kxg7 26. Rc2 b6 27. Rd2 Kf8 28. Ng4
Rxc5 29. Ne5 Nxe5 30. fxe5 Rxe5 31. Nxf7 1-0